[Event "Las Vegas National op"]
[Site "Las Vegas"]
[Date "2025.06.07"]
[Round "6"]
[White "Anandh, Vijay Srinivas"]
[Black "Abrahamyan, Tatev"]
[Result "1/2-1/2"]
[WhiteElo "2011"]
[BlackElo "2324"]
[PlyCount "64"]
[EventDate "2025.06.04"]
[EventType "swiss"]
[EventRounds "9"]
[EventCountry "USA"]
[SourceTitle "CB24_2025"]
[SourceDate "2025.06.11"]
[SourceVersion "1"]
[SourceVersionDate "2025.06.11"]
[SourceQuality "1"]

1. d4 Nf6 2. g3 g6 3. Bg2 Bg7 4. Nf3 0-0 5. c4 d6 6. 0-0 Nc6 7. Nc3 e5 8. dxe5 dxe5 9. Bg5 Be6 10. Nd5 Re8 11. Nd2 Bxd5 12. cxd5 Ne7 13. e4 c6 14. Qb3 Rb8 15. f4 cxd5 16. fxe5 Ng4 17. h3 Nxe5 18. exd5 h6 19. Be3 b6 20. Bf2 Nf5 21. g4 Nd6 22. Rae1 Rc8 23. Bg3 Qd7 24. Ne4 Nxe4 25. Rxe4 b5 26. a4 a6 27. axb5 axb5 28. Ref4 Re7 29. d6 Qxd6 30. Rxf7 Rxf7 31. Rxf7 Qc5+ 32. Kh2 Kh7 1/2-1/2

[Event "Las Vegas National op"]
[Site "Las Vegas"]
[Date "2025.06.07"]
[Round "7"]
[White "Berczes, David"]
[Black "Anandh, Vijay Srinivas"]
[Result "1-0"]
[WhiteElo "2397"]
[BlackElo "2011"]
[PlyCount "77"]
[EventDate "2025.06.04"]
[EventType "swiss"]
[EventRounds "9"]
[EventCountry "USA"]
[SourceTitle "CB24_2025"]
[SourceDate "2025.06.11"]
[SourceVersion "1"]
[SourceVersionDate "2025.06.11"]
[SourceQuality "1"]

1. Nf3 Nf6 2. g3 d5 3. Bg2 e6 4. 0-0 Be7 5. c4 0-0 6. b3 d4 7. d3 Nc6 8. e3 e5 9. exd4 exd4 10. Ba3 a5 11. Re1 Re8 12. Bxe7 Nxe7 13. Na3 c5 14. Qd2 Rb8 15. Nb5 b6 16. Qf4 Bd7 17. Ne5 Bxb5 18. cxb5 Qd6 19. g4 Rf8 20. Qg3 Nfd5 21. Nc4 Qxg3 22. hxg3 Rfd8 23. Re5 Kf8 24. Rae1 Rd7 25. a3 Nc7 26. Bc6 Nxc6 27. bxc6 Rdd8 28. Re7 Re8 29. Rxe8+ Nxe8 30. Ne5 Rd8 31. Nd7+ Kg8 32. Nxb6 Nd6 33. c7 Rf8 34. Re7 Nc8 35. Nxc8 Rxc8 36. Rd7 Kf8 37. Rd8+ Ke7 38. Rxc8 Kd7 39. Ra8 1-0

[Event "Titled Tuesday intern op 11th Mar Late"]
[Site "Chess.com INT"]
[Date "2025.03.11"]
[Round "3"]
[White "Anandh, Vijay Srinivas"]
[Black "Dias, Simao Poscidonio"]
[Result "1-0"]
[WhiteElo "2046"]
[BlackElo "2105"]
[PlyCount "87"]
[EventDate "2025.03.11"]
[EventType "swiss (blitz)"]
[EventRounds "11"]
[EventCountry "USA"]
[SourceTitle "CB12_2025"]
[SourceDate "2025.03.19"]
[SourceVersion "1"]
[SourceVersionDate "2025.03.19"]
[SourceQuality "1"]

1. e4 c5 2. d4 cxd4 3. Qxd4 Nc6 4. Qd3 g6 5. Nc3 Bg7 6. Nf3 d6 7. Be2 Nf6 8. 0-0 0-0 9. Nd5 Bg4 10. Nxf6+ Bxf6 11. c3 Bg7 12. h3 Bd7 13. Be3 Ne5 14. Nxe5 Bxe5 15. f4 Bg7 16. a4 Bc6 17. Bf3 Qc7 18. Rfd1 Rfd8 19. a5 a6 20. Bb6 Qd7 21. Bxd8 Rxd8 22. e5 d5 23. Qe3 e6 24. c4 d4 25. Bxc6 bxc6 26. Qd3 c5 27. Ra3 Rb8 28. Rb3 Qc7 29. Ra1 Bh6 30. g3 Bf8 31. Raa3 Kg7 32. Rxb8 Qxb8 33. Rb3 Qc7 34. Rb6 Qc8 35. Qe4 Be7 36. Qc6 Qd8 37. Rb7 d3 38. Qd7 Qxa5 39. Qxd3 Qe1+ 40. Kg2 Bd8 41. Rd7 Ba5 42. Qf3 Qc1 43. Qe2 h5 44. Rd1 1-0

[Event "Titled Tuesday intern op 11th Mar Early"]
[Site "Chess.com INT"]
[Date "2025.03.11"]
[Round "3"]
[White "Levitan, Judah Nathan"]
[Black "Anandh, Vijay Srinivas"]
[Result "0-1"]
[WhiteElo "2082"]
[BlackElo "2046"]
[PlyCount "124"]
[EventDate "2025.03.11"]
[EventType "swiss (blitz)"]
[EventRounds "11"]
[EventCountry "USA"]
[SourceTitle "CB12_2025"]
[SourceDate "2025.03.19"]
[SourceVersion "1"]
[SourceVersionDate "2025.03.19"]
[SourceQuality "1"]

1. e4 e5 2. Nf3 Nc6 3. Bb5 a6 4. Ba4 Nf6 5. Qe2 b5 6. Bb3 Be7 7. c3 0-0 8. 0-0 d6 9. Rd1 Bg4 10. h3 Bh5 11. d3 Na5 12. Bc2 c5 13. Nbd2 Qc7 14. Nf1 Rab8 15. Ng3 Bg6 16. Nh4 Rfe8 17. Ngf5 Bf8 18. Bg5 Nd7 19. Qf3 Nc6 20. Bb3 Nb6 21. Qg3 Ne7 22. Nxe7+ Bxe7 23. Bxe7 Qxe7 24. Nxg6 hxg6 25. Qxg6 c4 26. Qg3 cxb3 27. axb3 Ra8 28. Qe3 Qc7 29. d4 d5 30. dxe5 Rxe5 31. Rd4 dxe4 32. Rad1 Rae8 33. Qg3 R5e7 34. Qe3 Nc8 35. Rd5 Na7 36. Rh5 g6 37. Rh4 Qe5 38. Qh6 Qg7 39. Qg5 Nc6 40. Qd5 Ne5 41. Rxe4 Qf6 42. Rde1 Nc6 43. Rxe7 Rxe7 44. Rxe7 Nxe7 45. Qa8+ Kg7 46. Qb7 Nf5 47. Qf3 Qd6 48. g3 Ne7 49. Qe3 Nc6 50. Qf3 Ne5 51. Qe3 Nd7 52. Qf3 Nf6 53. Qe3 Qd5 54. Qf4 Qe4 55. Qd2 Nd5 56. h4 Nf6 57. Kh2 Qf3 58. Kg1 Ne4 59. Qd4+ Nf6 60. Qd2 Qe4 61. b4 Qd5 62. Kh2 Qxd2 0-1

[Event "Titled Tuesday intern op 11th Mar Late"]
[Site "Chess.com INT"]
[Date "2025.03.11"]
[Round "4"]
[White "Yevchenko, Alexander"]
[Black "Anandh, Vijay Srinivas"]
[Result "0-1"]
[WhiteElo "2276"]
[BlackElo "2046"]
[PlyCount "112"]
[EventDate "2025.03.11"]
[EventType "swiss (blitz)"]
[EventRounds "11"]
[EventCountry "USA"]
[SourceTitle "CB12_2025"]
[SourceDate "2025.03.19"]
[SourceVersion "1"]
[SourceVersionDate "2025.03.19"]
[SourceQuality "1"]

1. c4 e6 2. e4 d5 3. exd5 exd5 4. cxd5 Nf6 5. Nc3 Nxd5 6. Nf3 Be6 7. d4 Be7 8. Bd3 0-0 9. 0-0 Nd7 10. Re1 N7b6 11. Ne5 Bf6 12. a3 c5 13. dxc5 Nxc3 14. bxc3 Nd7 15. Nxd7 Qxd7 16. Qc2 g6 17. Bf4 Be7 18. Rad1 Qc6 19. Bd6 Bxd6 20. cxd6 Bd5 21. Be4 Bxe4 22. Rxe4 Rfd8 23. Red4 Rd7 24. c4 b6 25. Qd3 Rad8 26. h3 Qc5 27. Rd5 Qc6 28. Qd4 Rc8 29. Rc1 Qa4 30. Qd3 Rc6 31. Re1 Qxc4 32. Re8+ Kg7 33. Qxc4 Rxc4 34. Re7 Rxe7 35. dxe7 Re4 36. Rd7 Kf6 37. Rxa7 Rxe7 38. Ra6 Re6 39. a4 h5 40. g3 Ke5 41. Kg2 Kd5 42. a5 b5 43. Ra7 Rf6 44. Rb7 Kc5 45. f4 b4 46. Kf3 Kc4 47. Ke4 b3 48. Rb6 Rxb6 49. axb6 b2 50. Ke5 b1Q 51. Kf6 Qxb6+ 52. Kxf7 Qf2 53. Kxg6 Qxg3+ 54. Kxh5 Qxf4 55. h4 Kd5 56. Kg6 Qxh4 0-1

[Event "Titled Tuesday intern op 26th Nov Late"]
[Site "Chess.com INT"]
[Date "2024.11.26"]
[Round "3"]
[White "Anandh, Vijay Srinivas"]
[Black "Clarke, Adani"]
[Result "1-0"]
[WhiteElo "2045"]
[BlackElo "1922"]
[PlyCount "117"]
[EventDate "2024.11.26"]
[EventType "swiss (blitz)"]
[EventRounds "11"]
[EventCountry "USA"]
[SourceTitle "CB49_2024"]
[SourceDate "2024.12.04"]
[SourceVersion "1"]
[SourceVersionDate "2024.12.04"]
[SourceQuality "1"]

1. Nf3 Nf6 2. g3 g6 3. Bg2 d5 4. 0-0 Bg7 5. d4 0-0 6. c4 c6 7. cxd5 cxd5 8. Ne5 Nc6 9. Nxc6 bxc6 10. Nc3 Ba6 11. Bf4 Nh5 12. Be3 e5 13. dxe5 Bxe5 14. Bd4 Bf6 15. Re1 Re8 16. Bf3 Ng7 17. Na4 Ne6 18. Bxf6 Qxf6 19. e3 Rad8 20. Bg2 Bb5 21. Nc3 Ba6 22. Qa4 Nc7 23. Rac1 Bb5 24. Nxb5 Nxb5 25. Rc2 Re6 26. Rec1 Rdd6 27. Qa6 h5 28. a4 Nc7 29. Qxa7 Ne8 30. Qd4 Qe7 31. a5 Qb7 32. Bf1 Nc7 33. Qb6 Qc8 34. a6 Na8 35. Qb7 Qe8 36. a7 Re7 37. Qa6 Rdd7 38. Rxc6 Kg7 39. Rc8 Rd8 40. Rxd8 Qxd8 41. Rc8 Qb6 42. Qxb6 Nxb6 43. a8Q Nxa8 44. Rxa8 Rb7 45. Ra2 Kf6 46. Bg2 Ke5 47. Kf1 Rd7 48. Ra5 f5 49. Rxd5+ Rxd5 50. Bxd5 Kxd5 51. Ke2 Kc4 52. Kf3 g5 53. h4 gxh4 54. gxh4 Kd3 55. b4 Kc4 56. Kf4 Kxb4 57. Kxf5 Kc5 58. f4 Kd6 59. e4 1-0

[Event "Titled Tuesday intern op 26th Nov Late"]
[Site "Chess.com INT"]
[Date "2024.11.26"]
[Round "11"]
[White "Anandh, Vijay Srinivas"]
[Black "Mazzilli, Piero"]
[Result "0-1"]
[WhiteElo "2045"]
[BlackElo "2303"]
[PlyCount "76"]
[EventDate "2024.11.26"]
[EventType "swiss (blitz)"]
[EventRounds "11"]
[EventCountry "USA"]
[SourceTitle "CB49_2024"]
[SourceDate "2024.12.04"]
[SourceVersion "1"]
[SourceVersionDate "2024.12.04"]
[SourceQuality "1"]

1. Nf3 g6 2. g3 Bg7 3. Bg2 e5 4. d3 d5 5. 0-0 Ne7 6. e4 0-0 7. Re1 dxe4 8. dxe4 Qxd1 9. Rxd1 Nbc6 10. c3 h6 11. Be3 Be6 12. Nbd2 Rfd8 13. a4 Rd7 14. Kf1 Rad8 15. Ke1 Na5 16. Bf1 b6 17. Rab1 Nb3 18. Nc4 Nc6 19. Be2 f6 20. Nfd2 Nxd2 21. Rxd2 Rxd2 22. Nxd2 Bf8 23. Bc4 Kf7 24. Bxe6+ Kxe6 25. Nc4 h5 26. h4 a6 27. Ra1 Be7 28. Nd2 f5 29. exf5+ gxf5 30. Nb3 e4 31. a5 b5 32. Bc5 Bf6 33. Be3 Be7 34. Ke2 Ne5 35. Bc5 Nd3 36. Bxe7 Kxe7 37. Ra2 c5 38. Nd2 Nc1+ 0-1

[Event "Dulles Skyline op 3rd"]
[Site "Dulles"]
[Date "2024.10.14"]
[Round "8"]
[White "Anandh, Vijay Srinivas"]
[Black "Sathiesh, Kavin Chandar"]
[Result "1-0"]
[WhiteElo "1969"]
[BlackElo "1697"]
[PlyCount "102"]
[EventDate "2024.10.10"]
[EventType "swiss"]
[EventRounds "9"]
[EventCountry "USA"]
[SourceTitle "CB43_2024"]
[Source "Chessbase"]
[SourceDate "2024.10.23"]
[SourceVersion "1"]
[SourceVersionDate "2024.10.23"]
[SourceQuality "1"]

1. e4 e5 2. Nf3 Nc6 3. Bc4 Bc5 4. c3 Nf6 5. d3 h6 6. 0-0 0-0 7. Re1 d6 8. h3 Re8 9. Nbd2 Be6 10. Bb5 Bd7 11. Ba4 a6 12. Nf1 b5 13. Bb3 Ba7 14. Ng3 Be6 15. Bxe6 Rxe6 16. d4 d5 17. Nxe5 Nxe5 18. dxe5 Rxe5 19. Bf4 Re8 20. e5 Nh7 21. Qg4 Re6 22. Nf5 Rg6 23. Qf3 Ng5 24. Bxg5 Qxg5 25. h4 Qd8 26. Qxd5 Qxd5 27. Ne7+ Kh7 28. Nxd5 c6 29. Nb4 a5 30. h5 Re6 31. Nd3 Rd8 32. Nf4 Re7 33. Re2 Bb8 34. Rae1 Rde8 35. e6 fxe6 36. Nxe6 Kg8 37. Kf1 b4 38. Nd4 Rxe2 39. Rxe2 Rxe2 40. Kxe2 Be5 41. Kd3 bxc3 42. bxc3 c5 43. Nb3 Bc7 44. Nxc5 Kf7 45. g4 Kf6 46. Ke4 Bd6 47. Nd3 Kg5 48. f3 Bc7 49. c4 Bd6 50. c5 Bc7 51. c6 Kf6 1-0

[Event "Dulles Skyline op 3rd"]
[Site "Dulles"]
[Date "2024.10.13"]
[Round "6"]
[White "Anandh, Vijay Srinivas"]
[Black "Swaminathan, Pranav"]
[Result "1/2-1/2"]
[WhiteElo "1969"]
[BlackElo "2056"]
[PlyCount "154"]
[EventDate "2024.10.10"]
[EventType "swiss"]
[EventRounds "9"]
[EventCountry "USA"]
[SourceTitle "CB43_2024"]
[Source "Chessbase"]
[SourceDate "2024.10.23"]
[SourceVersion "1"]
[SourceVersionDate "2024.10.23"]
[SourceQuality "1"]

1. d4 Nf6 2. Nf3 e6 3. g3 c5 4. Bg2 cxd4 5. 0-0 d5 6. Nxd4 e5 7. Nb3 Nc6 8. c4 dxc4 9. Bxc6+ bxc6 10. Qxd8+ Kxd8 11. Na5 Kc7 12. Nxc4 Bh3 13. Rd1 Nd7 14. Be3 f6 15. Nbd2 Nb6 16. f3 Be6 17. Rac1 Nd5 18. Bf2 a5 19. a3 a4 20. Ne4 Be7 21. Nc5 Bxc5 22. Bxc5 Rhe8 23. e4 Ne7 24. Nd6 Reb8 25. Rd2 Rb3 26. Kf2 Nc8 27. Ne8+ Kb7 28. Nxg7 Bg8 29. Ne8 f5 30. Nf6 Be6 31. Rc3 fxe4 32. Rxb3+ axb3 33. Nxe4 Nb6 34. Bxb6 Kxb6 35. Nc3 Kc5 36. Re2 Kd6 37. Ke3 Bf5 38. Rd2+ Ke7 39. Ne4 Ra4 40. Rd3 Rc4 41. Rxb3 Rc1 42. Rc3 Re1+ 43. Kd2 Rh1 44. Nf2 Rxh2 45. Ke3 Kd6 46. a4 h5 47. a5 Rg2 48. Ne4+ Bxe4 49. Kxe4 Rxg3 50. Rd3+ Kc7 51. Kxe5 Rg5+ 52. Ke6 Rxa5 53. f4 Ra1 54. f5 Re1+ 55. Kf7 Re2 56. b3 h4 57. Rh3 Re4 58. f6 Kd6 59. Kg7 Ke6 60. f7 Rg4+ 61. Kf8 Rg3 62. Rxh4 Rxb3 63. Rh6+ Kd5 64. Kg8 Rb8+ 65. f8Q Rxf8+ 66. Kxf8 c5 67. Rh5+ Kd4 68. Rh4+ Kd3 69. Rh3+ Kd4 70. Rh1 c4 71. Ke7 c3 72. Kd6 c2 73. Kc6 Kc3 74. Kb5 Kb2 75. Rh2 Kb1 76. Rh1+ c1R 77. Rxc1+ Kxc1 1/2-1/2

[Event "Titled Tuesday intern op 06th Aug Late"]
[Site "Chess.com INT"]
[Date "2024.08.06"]
[Round "8"]
[White "Shapiro, Daniel E"]
[Black "Anandh, Vijay Srinivas"]
[Result "0-1"]
[WhiteElo "2284"]
[BlackElo "1949"]
[PlyCount "50"]
[EventDate "2024.08.06"]
[EventType "swiss (blitz)"]
[EventRounds "11"]
[EventCountry "USA"]
[SourceTitle "EXT 2025"]
[Source "ChessBase"]
[SourceDate "2024.10.14"]
[SourceVersion "1"]
[SourceVersionDate "2024.10.14"]
[SourceQuality "1"]

1. d4 Nf6 2. c4 e6 3. g3 d5 4. Nf3 Be7 5. Bg2 0-0 6. 0-0 dxc4 7. Ne5 Nc6 8. Bxc6 bxc6 9. Nxc6 Qe8 10. Nxe7+ Qxe7 11. Qa4 e5 12. dxe5 Qxe5 13. Qxc4 Be6 14. Qd3 Rad8 15. Qe3 Qh5 16. f3 Rfe8 17. Qf2 Bc4 18. Nc3 Nd5 19. Qc5 Bxe2 20. Re1 Bxf3 21. Rxe8+ Rxe8 22. Nxd5 Re1+ 23. Kf2 Qxh2+ 24. Kxf3 Qe2+ 25. Kf4 Qe4+ 0-1

[Event "Titled Tuesday intern op 30th Jul Early"]
[Site "Chess.com INT"]
[Date "2024.07.30"]
[Round "1"]
[White "Anandh, Vijay Srinivas"]
[Black "Aakash, G2."]
[Result "0-1"]
[WhiteElo "2073"]
[BlackElo "2265"]
[PlyCount "74"]
[EventDate "2024.07.30"]
[EventType "swiss (blitz)"]
[EventRounds "11"]
[EventCountry "USA"]
[SourceTitle "EXT 2025"]
[Source "ChessBase"]
[SourceDate "2024.10.14"]
[SourceVersion "1"]
[SourceVersionDate "2024.10.14"]
[SourceQuality "1"]

1. Nf3 d5 2. g3 Bg4 3. Bg2 Nd7 4. d4 e6 5. 0-0 Ngf6 6. c4 Be7 7. Nc3 0-0 8. cxd5 exd5 9. Qb3 Nb6 10. Ne5 Be6 11. a4 a5 12. Bf4 c5 13. Nb5 c4 14. Qc2 Rc8 15. Bd2 Nbd7 16. Nxd7 Bxd7 17. Nc3 Bc6 18. e3 Qd7 19. Nb5 Bb4 20. Nc3 Rfe8 21. Rfc1 h6 22. Qd1 Qd6 23. b3 Bd7 24. bxc4 dxc4 25. Nb5 Bxb5 26. axb5 c3 27. Be1 Qb6 28. Qa4 Ne4 29. Bxe4 Rxe4 30. Rc2 Re7 31. Rac1 Rec7 32. Qb3 Qxb5 33. Bxc3 Qd3 34. Rd2 Qf5 35. Rdc2 b5 36. d5 Rc4 37. d6 Bxd6 0-1

[Event "Titled Tuesday intern op 30th Jul Early"]
[Site "Chess.com INT"]
[Date "2024.07.30"]
[Round "8"]
[White "Anandh, Vijay Srinivas"]
[Black "Ismayil, Malak"]
[Result "1-0"]
[WhiteElo "2073"]
[BlackElo "2157"]
[PlyCount "139"]
[EventDate "2024.07.30"]
[EventType "swiss (blitz)"]
[EventRounds "11"]
[EventCountry "USA"]
[SourceTitle "EXT 2025"]
[Source "ChessBase"]
[SourceDate "2024.10.14"]
[SourceVersion "1"]
[SourceVersionDate "2024.10.14"]
[SourceQuality "1"]

1. Nf3 Nf6 2. g3 d5 3. Bg2 e6 4. 0-0 Be7 5. d4 0-0 6. c4 dxc4 7. Qc2 c5 8. dxc5 Bxc5 9. Qxc4 Qe7 10. Ne5 Nbd7 11. Nxd7 Bxd7 12. Bxb7 Rab8 13. Bg2 Bb5 14. Qc2 Rfc8 15. Nc3 Bc4 16. Bf4 e5 17. Bg5 Bd4 18. Rfc1 h6 19. Bxf6 Qxf6 20. e3 Bb6 21. Ne4 Qe7 22. b3 Be6 23. Qb2 f5 24. Nc3 e4 25. Ne2 Bc5 26. Nd4 Ba3 27. Rxc8+ Rxc8 28. Qe2 Kh7 29. Qa6 Bb2 30. Rd1 Rd8 31. Bf1 Bc8 32. Qb5 Qf6 33. Qc4 f4 34. gxf4 Qg6+ 35. Bg2 Bh3 36. Qf1 Qg4 37. Rd2 Bc3 38. Rc2 Bxd4 39. exd4 Rxd4 40. Rc1 e3 41. f3 Qg6 42. Kh1 Bxg2+ 43. Qxg2 Qf6 44. Re1 Qxf4 45. Qg3 Qf6 46. f4 Rxf4 47. Qxe3 Rf3 48. Qe4+ Rf5 49. Rf1 g6 50. Rxf5 gxf5 51. Qf3 f4 52. Kg2 Kg6 53. Qe4+ Qf5 54. Kf3 Kg5 55. Qxf5+ Kxf5 56. b4 Ke5 57. a4 h5 58. b5 Kd5 59. a5 Kc5 60. b6 axb6 61. axb6 Kxb6 62. Kxf4 Kc5 63. Kg5 Kd5 64. Kxh5 Ke5 65. Kg5 Ke6 66. Kg6 Ke7 67. Kg7 Ke6 68. h4 Kf5 69. h5 Kg5 70. h6 1-0

[Event "Titled Tuesday intern op 23rd Jul Early"]
[Site "Chess.com INT"]
[Date "2024.07.23"]
[Round "5"]
[White "Arabidze, Meri"]
[Black "Anandh, Vijay Srinivas"]
[Result "1-0"]
[WhiteElo "2457"]
[BlackElo "2073"]
[PlyCount "71"]
[EventDate "2024.07.23"]
[EventType "swiss (blitz)"]
[EventRounds "11"]
[EventCountry "USA"]
[SourceTitle "EXT 2025"]
[Source "ChessBase"]
[SourceDate "2024.10.14"]
[SourceVersion "1"]
[SourceVersionDate "2024.10.14"]
[SourceQuality "1"]

1. d4 Nf6 2. c4 e6 3. Nc3 d5 4. cxd5 exd5 5. Bg5 Be7 6. e3 0-0 7. Bd3 c6 8. h3 Nbd7 9. Nf3 Re8 10. Qc2 Nf8 11. 0-0 g6 12. a3 Ne6 13. Bh6 Ng7 14. Ne5 Bf5 15. b4 Bxd3 16. Qxd3 Nf5 17. Bg5 Nd6 18. b5 Rc8 19. bxc6 bxc6 20. Rfc1 Nd7 21. Bxe7 Qxe7 22. Nxd7 Qxd7 23. Na4 Ne4 24. Nc5 Nxc5 25. Rxc5 Qb7 26. Rac1 Rc7 27. Qc3 Rec8 28. a4 Qb6 29. a5 Qa6 30. h4 h5 31. g3 Rb8 32. Rxd5 cxd5 33. Qxc7 Rb5 34. Qd8+ Kg7 35. Rc8 Rb1+ 36. Kh2 1-0

[Event "Titled Tuesday intern op 16th Jul Early"]
[Site "Chess.com INT"]
[Date "2024.07.16"]
[Round "1"]
[White "Anandh, Vijay Srinivas"]
[Black "Asish, Panda"]
[Result "0-1"]
[WhiteElo "2073"]
[BlackElo "1911"]
[PlyCount "82"]
[EventDate "2024.07.16"]
[EventType "swiss (blitz)"]
[EventRounds "11"]
[EventCountry "USA"]
[SourceTitle "EXT 2025"]
[Source "ChessBase"]
[SourceDate "2024.10.14"]
[SourceVersion "1"]
[SourceVersionDate "2024.10.14"]
[SourceQuality "1"]

1. e4 e6 2. d4 d5 3. exd5 exd5 4. Bd3 Nf6 5. Nf3 Bd6 6. Qe2+ Be7 7. 0-0 0-0 8. Re1 Re8 9. Bg5 Be6 10. Nbd2 c5 11. c3 Nbd7 12. Ne5 h6 13. Bh4 cxd4 14. cxd4 a6 15. f4 Nxe5 16. dxe5 Nh7 17. Bxe7 Qxe7 18. Kh1 Rac8 19. Qh5 Qb4 20. Nf3 Qxf4 21. Rf1 Ng5 22. g3 Qg4 23. Qxg4 Bxg4 24. Nxg5 hxg5 25. Rae1 Bh3 26. Rf2 g6 27. Rd2 Re7 28. Bb1 Bd7 29. Kg1 Bc6 30. a3 Rce8 31. Rde2 Bb5 32. Re3 d4 33. Re4 d3 34. Rd4 Rxe5 35. Rxe5 Rxe5 36. Bxd3 Re1+ 37. Kf2 Rd1 38. Ke3 Bc6 39. Rd8+ Kg7 40. Rb8 Rh1 41. Be4 Re1+ 0-1

[Event "Titled Tuesday intern op 16th Jul Late"]
[Site "Chess.com INT"]
[Date "2024.07.16"]
[Round "4"]
[White "Anandh, Vijay Srinivas"]
[Black "Gulamali, Kazim"]
[Result "1-0"]
[WhiteElo "2073"]
[BlackElo "2216"]
[PlyCount "75"]
[EventDate "2024.07.16"]
[EventType "swiss (blitz)"]
[EventRounds "11"]
[EventCountry "USA"]
[SourceTitle "EXT 2025"]
[Source "ChessBase"]
[SourceDate "2024.10.14"]
[SourceVersion "1"]
[SourceVersionDate "2024.10.14"]
[SourceQuality "1"]

1. Nf3 g6 2. g3 Bg7 3. Bg2 Nf6 4. b3 0-0 5. Bb2 d5 6. 0-0 c6 7. d3 a5 8. Nbd2 a4 9. c4 a3 10. Bc3 c5 11. cxd5 Nxd5 12. Bxg7 Kxg7 13. Qc2 b6 14. Ne5 f6 15. Nec4 Bb7 16. Qc1 Na6 17. Nxa3 Nab4 18. Qb2 e5 19. Nc2 Nc6 20. Nc4 Nd4 21. N2e3 Ra6 22. Nxd5 Bxd5 23. Bxd5 Qxd5 24. Ne3 Qe6 25. Rfe1 Rfa8 26. Nc2 Nc6 27. a3 h5 28. h4 b5 29. b4 c4 30. dxc4 Qxc4 31. Rad1 Qe6 32. Qc3 Ne7 33. Qd3 Rc8 34. Ne3 Qc6 35. Ra1 Ra7 36. Rad1 Rca8 37. Nc2 Rd7 38. Qxd7 1-0

[Event "Titled Tuesday intern op 16th Jul Early"]
[Site "Chess.com INT"]
[Date "2024.07.16"]
[Round "6"]
[White "Anandh, Vijay Srinivas"]
[Black "Schut, Han"]
[Result "1-0"]
[WhiteElo "2073"]
[BlackElo "2087"]
[PlyCount "35"]
[EventDate "2024.07.16"]
[EventType "swiss (blitz)"]
[EventRounds "11"]
[EventCountry "USA"]
[SourceTitle "EXT 2025"]
[Source "ChessBase"]
[SourceDate "2024.10.14"]
[SourceVersion "1"]
[SourceVersionDate "2024.10.14"]
[SourceQuality "1"]

1. Nf3 Nf6 2. g3 g6 3. b3 Bg7 4. Bb2 0-0 5. Bg2 c5 6. 0-0 Nc6 7. c4 d5 8. cxd5 Nxd5 9. Bxg7 Kxg7 10. a3 f6 11. Qc2 e5 12. Qxc5 Be6 13. Nc3 Rc8 14. Nxd5 Nd4 15. Qe7+ Qxe7 16. Nxe7 Nxe2+ 17. Kh1 Rc7 18. Rfe1 1-0

[Event "Titled Tuesday intern op 16th Jul Early"]
[Site "Chess.com INT"]
[Date "2024.07.16"]
[Round "7"]
[White "Sai Agni, Jeevitesh J"]
[Black "Anandh, Vijay Srinivas"]
[Result "0-1"]
[WhiteElo "2274"]
[BlackElo "2073"]
[PlyCount "148"]
[EventDate "2024.07.16"]
[EventType "swiss (blitz)"]
[EventRounds "11"]
[EventCountry "USA"]
[SourceTitle "EXT 2025"]
[Source "ChessBase"]
[SourceDate "2024.10.14"]
[SourceVersion "1"]
[SourceVersionDate "2024.10.14"]
[SourceQuality "1"]

1. c4 e6 2. g3 d5 3. Bg2 Nf6 4. Nf3 Be7 5. 0-0 0-0 6. b3 d4 7. Bb2 c5 8. e3 Nc6 9. exd4 cxd4 10. d3 e5 11. Re1 Bd6 12. a3 a5 13. Ng5 h6 14. Ne4 Nxe4 15. Bxe4 Be6 16. Nd2 f5 17. Bg2 Qf6 18. Qc2 Bc5 19. Bd5 Rad8 20. Bxe6+ Qxe6 21. f3 Qg6 22. Kg2 Rde8 23. Re2 h5 24. Rae1 Qd6 25. Qc1 Qg6 26. b4 axb4 27. Nb3 Be7 28. c5 bxa3 29. Bxa3 h4 30. Rg1 Bg5 31. Qc4+ Kh8 32. Bc1 Bxc1 33. Nxc1 Qh5 34. Rge1 h3+ 35. Kf2 e4 36. f4 e3+ 37. Kg1 Rf6 38. Qd5 Qf7 39. Qxf7 Rxf7 40. Nb3 Ra8 41. Rb2 Rc7 42. Kf1 Ra3 43. Ke2 g6 44. Rc1 Kg7 45. Rc4 Rd7 46. Rc1 Kf6 47. Nd2 exd2 48. Kxd2 Ra8 49. Rcb1 Rb8 50. Re1 Re7 51. Rc1 Ke6 52. Re1+ Kd5 53. Rc1 Re3 54. Rb6 Rbe8 55. Kc2 Re2+ 56. Kb1 Rxh2 57. Rxb7 Ree2 58. Rd7+ Ke6 59. Rd6+ Ke7 60. Rd1 Nb4 61. Rxd4 Rb2+ 62. Ka1 Ra2+ 63. Kb1 Rhb2+ 64. Kc1 Rc2+ 65. Kb1 Rab2+ 66. Ka1 Nc6 67. Ra4 h2 68. d4 Rg2 69. d5 Rg1 70. Kxb2 Rxd1 71. dxc6 h1Q 72. Ra7+ Kf6 73. c7 Qg2+ 74. Kc3 Rc1+ 0-1

[Event "Titled Tuesday intern op 09th Jul Late"]
[Site "Chess.com INT"]
[Date "2024.07.09"]
[Round "8"]
[White "Coe, William R"]
[Black "Anandh, Vijay Srinivas"]
[Result "0-1"]
[WhiteElo "2078"]
[BlackElo "2073"]
[PlyCount "59"]
[EventDate "2024.07.09"]
[EventType "swiss (blitz)"]
[EventRounds "11"]
[EventCountry "USA"]
[SourceTitle "EXT 2025"]
[Source "ChessBase"]
[SourceDate "2024.10.14"]
[SourceVersion "1"]
[SourceVersionDate "2024.10.14"]
[SourceQuality "1"]

1. e4 e5 2. Nf3 Nc6 3. Bb5 a6 4. Ba4 Nf6 5. 0-0 Be7 6. Re1 b5 7. Bb3 d6 8. c3 0-0 9. h3 Nb8 10. d4 Nbd7 11. Nbd2 Bb7 12. d5 c6 13. dxc6 Bxc6 14. Bc2 Nc5 15. b4 Ne6 16. Nf1 Re8 17. Ng3 Bf8 18. Qe2 Qc7 19. Bd3 Qb7 20. Bd2 Nf4 21. Qe3 Nxd3 22. Qxd3 d5 23. exd5 Bxd5 24. Ng5 h6 25. N5e4 Nxe4 26. Nxe4 Rad8 27. Nc5 Bxc5 28. bxc5 Bxg2 29. Qe3 Bxh3 30. c4 0-1

[Event "North American-ch U20"]
[Site "Dulles"]
[Date "2023.12.21"]
[Round "6"]
[White "Anandh, Vijay Srinivas"]
[Black "Diao, Matthew Guo"]
[Result "0-1"]
[WhiteElo "1787"]
[BlackElo "2033"]
[PlyCount "68"]
[EventDate "2023.12.19"]
[EventType "swiss"]
[EventRounds "9"]
[EventCountry "USA"]
[SourceTitle "CBM 217 Extra"]
[Source "ChessBase"]
[SourceDate "2024.01.31"]
[SourceVersion "1"]
[SourceVersionDate "2024.01.31"]
[SourceQuality "1"]

1. e4 c5 2. Nf3 e6 3. d4 cxd4 4. Nxd4 Nf6 5. Bd3 Nc6 6. Nxc6 bxc6 7. Bf4 d5 8. Nd2 Be7 9. 0-0 0-0 10. Re1 dxe4 11. Nxe4 Nd5 12. Bg3 f5 13. Nc3 f4 14. Nxd5 Qxd5 15. c4 Qa5 16. b4 Bxb4 17. c5 fxg3 18. Rf1 gxf2+ 19. Kh1 Qxc5 20. Rc1 Qe5 21. Qc2 Bd6 22. Bxh7+ Kh8 23. g3 Ba6 24. Bd3 Qe3 25. Be4 Bxf1 26. Rxf1 Bxg3 27. hxg3 Qxg3 28. Qd3 Qh4+ 29. Kg2 Qg4+ 30. Kh2 Rf6 31. Bg2 Rh6+ 32. Bh3 Rf8 33. Qg3 Qe2 34. Qg5 Rxh3+ 0-1